000 01634cam a22002295a 4500
001 L157678
008 130227s1816 xxk f 000 0 eng d
035 _a(Sirsi) u157678
041 0 _aeng
100 1 _aThoresby, Ralph
_d1658-1725
240 _aHistory of Leeds
245 0 0 _aDucatus leodiensis, or, The topography of the ancient and populous town and parish of Leedes, and parts adjacent in the West-Riding of the county of York
_bwith the pedigrees of many of the nobility and gentry, and other matters relating to those parts
_cextracted from records, original evidences, and manuscripts by Ralph Thoresby ; to which is added, at the request of several learned persons, a catalogue of his museum ..., also a catalogue of manuscripts, the various editions of the Bible, and of books published in the infancy of the art of printing, with an account of some unusual accidents that have attended some persons, attempted after the method of Dr. Plot.
250 _a2nd ed. / with notes and additions by Thomas Dunham Whitaker
260 _aLeeds
_bprinted by B. Dewhirst, for Robinson, son, and Holdsworth
_c1816
300 _axvi, xvii, 261 (i.e. 268), 123, 159, 11 p., [36] leaves of plates
_bill., ports., geneal. tables
_c45 cm.
520 _a"The 'Ducatus leodiensis' forms vol. I., the 'Loidis and Elmete' [by] T. D. Whitaker, 1816] vol. II. of what is commonly called the 'History of Leeds'"--Boyne. See L157679 for the other volume.
583 _aCondition reviewed
_c20120620
_lcondition level 4
651 4 _aEngland
_y886-
690 _aGeomatics
_96242
700 1 _aWhitaker, Thomas Dunham
_d1759-1821
942 _n0
999 _c114915
_d114915